Types of Ice Cream Toppings - Statistics

General Stats
  • This quiz has been taken 479 times
  • The average score is 11 of 15
Answer Stats
Picture Answer % Correct
Cherry
96%
Oreo
95%
Chocolate
93%
Gummy Bears
93%
Jelly Beans
92%
Marshmallow
92%
Sprinkles
92%
Pretzel
87%
Cookie Dough
82%
Caramel
75%
Fruit
64%
Sour Patch Kids
60%
Chocolate Chips
57%
Hot Fudge
40%
Brownie Bites
14%
No matching quizzes found
Score Distribution
Percent of People with Each Score
Percentile by Number Answered
Your Score History
You have not taken this quiz